000 00757nam a2200229 a 4500
001 70860
003 BD-RjUL
005 20211209082040.0
008 170422s1943 nyua 001 0 eng
035 _a(BD-RjUL)71074
040 _aDLC
_cFMU
_dOCoLC
_dDLC
_dBD-RjUL
_beng
041 _aeng
082 _223
_a543.22
_bDOS 1954
100 1 _aDobbins, James Talmage,
_d1888-
_9209717
245 1 0 _aSemi-micro qualitative analysis /
_cby James T. Dobbins, PH.D.
260 _aNew York :
_bJ. Wiley & Sons, inc. ;
_aLondon :
_bChapman & Hall, limited,
_cc1943 [printing 1954].
300 _ax, 422 p. :
_bill. ;
_c22 cm.
500 _aIncludes index.
650 0 _aChemistry, Analytic
_xQualitative.
_9160232
650 0 _aMicrochemistry.
_9142033
942 _2ddc
_cBK
999 _c70860
_d70860